000 00566nam a2200229Ia 4500
003 OSt
005 20221005125713.0
006 a|||||r|||| 00| 0
007 ta
008 221004b |||||||| |||| 00| 0 san d
024 _a59413
037 _cTextual
040 _aCRL
_cCRL
_bsan
041 _2san
_asan
082 _aO15,1:g, 33M1
100 _aMoorthy Rao
_9637014
245 0 _aPoorvasurigalodane
260 _c1981
650 _aSANSKRIT LITERATURE
942 _hO15,1:g, 33M1
_cTEXL
_2cc
999 _c1054820
_d1054820